Marco legal y alternativas de aplicación a los trámites de permiso de investigación y acceso a recursos genéticos sobre biodiversidad, en áreas de influencia étnica estudio de casos (Registro nro. 68962)

Detalles MARC
000 -ENCABEZADO
Número de control [NR] 01612nam a22002537a 4500
008 - DE LONGITUD FIJA DE DATOS DE ELEMENTOS - INFORMACIÓN GENERAL
Elementos de longitud fija [NR] 130821s2009 ck a gr spa
020 ## - NUMERO INTERNACIONAL NORMALIZADO PARA LIBROS [R]
Número Internacional Normalizado del libro [NR] 9789587250183
040 ## - FUENTE DE CATALOGACION [NR]
Agencia de catalogación original [NR] Co-BoUCM
Idioma de catalogación [NR] spa
041 00 - CODIGO DE IDIOMA [R]
Código de idioma para texto/pista de sonido o título separado [R] Español
111 2# - ASIENTO PRINCIPAL--NOMBRE DE REUNION [NR]
Nombre de reunión o de jurisdicción como elemento de entrada [NR] Foro Marco legal y alternativas de aplicación a los trámites de permiso de investigación y acceso a recursos genéticos sobre la biodiversidad, en áreas de influencia étnica. Estudios del caso
Número de la parte/sección de una obra [R] (
Fecha de la reunión [NR] 2009 may. 21
Lugar de la reunión [NR] Bogota, Colombia)
9 (RLIN) 167279
245 10 - MENCION DE TITULO [NR]
Título [NR] Marco legal y alternativas de aplicación a los trámites de permiso de investigación y acceso a recursos genéticos sobre biodiversidad, en áreas de influencia étnica estudio de casos
Parte restante del título [NR] memorias
Mención de responsabilidad, etc. [NR] Adriana Ortiz...[et al.] ; editores Manuel García Valderrama, M. Gonzalo Andrade-C. ; organiza Universidad de Bogotá Jorge Tadeo Lozano, Universidad Nacional de Colombia, Ministerio del Ambiente, Vivienda y Desarrollo
260 ## - PUBLICACION, DISTRIBUCION, ETC. (PIE DE IMPRENTA) [R]
Lugar de publicación, distribución, etc. [R] Bogotá (Colombia)
Nombre del editor, distribuidor, etc. [R] Fundación Universidad de Bogotá Jorge Tadeo Lozano
Fecha de publicación, distribución, etc. [R] 2009
300 ## - DESCRIPCION FISICA [R]
Extensión [R] 130 páginas
Otros detalles físicos [NR] ilustraciones
504 ## - NOTA DE BIBLIOGRAFIA, ETC. [R]
Nota de bibliografía, etc. [NR]
650 04 - ASIENTO SECUNDARIO DE MATERIA - TERMINO TEMATICO [R]
Término temático o nombre geográfico como elemento de entrada [NR] Áreas protegidas
9 (RLIN) 9336
650 04 - ASIENTO SECUNDARIO DE MATERIA - TERMINO TEMATICO [R]
Término temático o nombre geográfico como elemento de entrada [NR] Conservación de los recursos genéticos
Subdivisión general [R] Conservación
Subdivisión de forma [R] Congresos, conferencias, etc.
9 (RLIN) 11657
650 04 - ASIENTO SECUNDARIO DE MATERIA - TERMINO TEMATICO [R]
Término temático o nombre geográfico como elemento de entrada [NR] Diversidad biológica
Subdivisión general [R] Conservación
-- Legislación
Subdivisión de forma [R] Congresos, conferencias, etc.
9 (RLIN) 13475
650 04 - ASIENTO SECUNDARIO DE MATERIA - TERMINO TEMATICO [R]
Término temático o nombre geográfico como elemento de entrada [NR] Medio ambiente
9 (RLIN) 19225
700 1# - ASIENTO SECUNDARIO - NOMBRE PERSONAL [R]
Nombre personal [NR] Andrade-C., M. Gonzalo
Término de relación [R]
9 (RLIN) 167280
700 1# - ASIENTO SECUNDARIO - NOMBRE PERSONAL [R]
Nombre personal [NR] García Valderrama, Manuel
Término de relación [R]
9 (RLIN) 141490
700 1# - ASIENTO SECUNDARIO - NOMBRE PERSONAL [R]
Nombre personal [NR] Ortiz, Adriana
9 (RLIN) 167281
942 ## - ELEMENTOS DE ENTRADA AGREGADOS (KOHA)
Tipo de ítem principal el descrito en 300a Libro
Tema principal Economía
Edición 1
Parte restante de la signatura top. F727m
Sistema de clasificación DEWEY
Clasificación 333.95
Existencias
Fecha de último préstamo Total préstamos Total Renewals Signatura topográfica Código de barras Última vez visto Ejemplar Price effective from Tipo de ítem Perdido Sistema de clasificación Dañado No prestable Tipo de ítem específico Suprimido Ubicación habitual Ubicación actual Localización Fecha de creación Forma de adquisición Costo
08/06/2018 4 5 333.95 F727m 100108905 04/12/2025 Ej.1 03/02/2013 Libro   DEWEY     Libro   Claustro Claustro Mezanine 28/02/2010 Donación 26000.00